Paridad de género y capacitación partidaria en Costa Rica /

Furkejuvvon:
Bibliográfalaš dieđut
Váldodahkki: Matarrita Arroyo, Mario Andrés
Eará dahkkit: Zamora Chavarría, Eugenia María
Materiálatiipa: Texto
Fáddágilkorat: Lasit fáddágilkoriid
Eai fáddágilkorat, Lasit vuosttaš fáddágilkora!

MARC

LEADER 00000 a a2200000 04500
001 48745
003
040
100 |a Matarrita Arroyo, Mario Andrés  
245 |a Paridad de género y capacitación partidaria en Costa Rica /  |c Mario Andrés Matarrita Arroyo, Eugenia María Zamora Chavarría  
700 |a Zamora Chavarría, Eugenia María  
773 |a número19, (2015), páginas 59-81 : tablas, gráficos  
999 |c 28268  |d 28268